|
|
|
|
| LEADER |
01487nam a2200277 a 4500 |
| 001 |
4946419 |
| 008 |
100624s1997 enka b 001 0 eng d |
| 010 |
|
|
|a \\\96046612
|
| 020 |
|
|
|a 0521585198 (hc)
|
| 040 |
|
|
|a DLC
|c DLC
|d DLC
|d WaU
|d DLC
|d BD-DhAAL
|
| 082 |
0 |
0 |
|a 005.7/3
|2 21
|
| 100 |
1 |
|
|a Gusfield, Dan.
|
| 245 |
1 |
0 |
|a Algorithms on strings, trees, and sequences :
|b computer science and computational biology /
|c Dan Gusfield.
|
| 260 |
|
|
|a Cambridge [England] ;
|a New York :
|b Cambridge University Press,
|c 1997.
|
| 300 |
|
|
|a xviii, 534 p. :
|b ill. ;
|c 22 cm.
|
| 504 |
|
|
|a Includes bibliographical references (p. 505-523) and index.
|
| 541 |
1 |
|
|e 00010974
|
| 650 |
|
0 |
|a Computer algorithms.
|
| 650 |
|
0 |
|a Computational biology.
|
| 650 |
|
0 |
|a Molecular biology
|x Data processing.
|
| 852 |
4 |
|
|a Ayesha Abed Library
|j General Shelf
|
| 999 |
|
|
|c 9078
|d 9078
|
| 952 |
|
|
|0 0
|1 0
|2 ddc
|4 1
|6 005_700000000000000_3_GUS
|7 0
|9 11245
|a BRACUL
|b BRACUL
|c SPS
|d 2010-06-24
|l 0
|o 005.73 GUS
|p 3010010974
|r 2010-06-24
|t 1
|w 2010-06-24
|y BK
|
| 952 |
|
|
|0 0
|1 0
|2 ddc
|4 0
|6 005_730000000000000_GUS
|7 0
|9 14771
|a BRACUL
|b BRACUL
|c GEN
|d 2011-03-19
|l 6
|m 52
|o 005.73 GUS
|p 3010009725
|q 2026-05-21
|r 2026-03-08
|s 2026-03-08
|t 2
|w 2011-03-19
|y BK
|
| 952 |
|
|
|0 0
|1 0
|2 ddc
|4 1
|6 005_700000000000000_3_GUS
|7 0
|9 23064
|a BRACUL
|b BRACUL
|c SPS
|d 2013-07-31
|l 0
|o 005.73 GUS
|p 3010010973
|r 2013-07-31
|t 3
|w 2013-07-31
|y BK
|
| 952 |
|
|
|0 0
|1 0
|2 ddc
|4 1
|6 005_700000000000000_3_GUS
|7 0
|9 23171
|a BRACUL
|b BRACUL
|c SPS
|d 2013-08-19
|l 0
|o 005.73 GUS
|p 3010010976
|r 2013-08-19
|t 4
|w 2013-08-19
|y BK
|